000 00509nam a2200157 i 4500
001 130528
003 ES-MaACL
005 20230906193750.0
007 t|
008 070731s1971 sp ||||1| spa d
100 1 _aZaragüeta, Juan.
_9118040
245 1 0 _aCuarenta años de periodismo
_b: (colección de artículos publicados en ABC de 1930 á 1970) /
_cJuan Zaragüeta Bengoechea.
260 _aMadrid :
_bPrensa Española,
_c1971.
300 _a586 p. ;
_c24 cm.
852 _aES-MaACL
_jC-42382
_bR.79451
999 _c130528
_d130528